Statistics for All Pre-Dreadnoughts

Click here to take the quiz!

General Stats

  • This quiz has been taken 13 times
  • The average score is 55 of 174

Answer Stats

NationShipDisplacement% Correct
GermanyDeutschland14,218 t
60%
GermanySchleswig-Holstein14,218 t
60%
Austria-HungaryBabenburg8,232 t
50%
UKCanopus14,500 t
50%
UKFormidable16,186 t
50%
UKHannibal16,060 t
50%
GermanyHannover14,218 t
50%
GermanyKaiser Wilhelm II11,785 t
50%
GermanySchlesien14,218 t
50%
UKAfrica17,567 t
40%
UKAgamemnon18,110 t
40%
Austria-HungaryArpad8,232 t
40%
RussiaBorodino14,377 t
40%
FranceBouvet12,200 t
40%
GermanyBrandenburg10,670 t
40%
UKBritannia17,567 t
40%
UKBulwark16,000 t
40%
UKCenturion10,670 t
40%
FranceCharlemagne11,275 t
40%
UKCommonwealth17,567 t
40%
USAConnecticut16,000 t
40%
UKCornwallis15,400 t
40%
FranceDanton18,754 t
40%
FranceDiderot18,754 t
40%
UKDominion17,567 t
40%
UKExmouth15,400 t
40%
JapanFuji12,734 t
40%
FranceGaulois11,275 t
40%
USAGeorgia15,000 t
40%
UKGoliath14,500 t
40%
Austria-HungaryHabsburg8,232 t
40%
UKHibernia17,567 t
40%
UKHindustan17,567 t
40%
FranceIena12,105 t
40%
USAIllinois12,450 t
40%
UKIllustrious16,060 t
40%
USAIowa11,528 t
40%
UKJupiter16,060 t
40%
USAKentucky11,730 t
40%
UKLondon16,000 t
40%
UKLord Nelson18,110 t
40%
USALouisiana16,000 t
40%
UKMagnificent16,060 t
40%
USAMaine12,700 t
40%
UKMajestic16,060 t
40%
UKMars16,060 t
40%
JapanMikasa15,380 t
40%
USAMinnesota16,000 t
40%
UKNew Zealand17,567 t
40%
USAOhio12,700 t
40%
USAOregon10,453 t
40%
GermanyPommern14,218 t
40%
GermanyPreussen14,394 t
40%
UKPrince of Wales16,000 t
40%
RussiaSevastopol11,685 t
40%
FranceSt Louis11,275 t
40%
UKSwiftsure14,060 t
40%
UKTriumph14,060 t
40%
UKVengeance14,500 t
40%
USAVermont16,000 t
40%
UKVictorious16,060 t
40%
USAVirginia15,000 t
40%
FranceVoltaire18,754 t
40%
Austria-HungaryZrinyi14,508 t
40%
UKAlbemarle15,400 t
30%
UKAlbion14,500 t
30%
RussiaAndrei Pervozvanny18,878 t
30%
ItalyBenedetto Brin14,973 t
30%
GermanyBraunschweig14,394 t
30%
FranceBrennus11,370 t
30%
FranceCarnot11,954 t
30%
FranceCharles Martel11,880 t
30%
FranceCondorcet18,754 t
30%
FranceDemocratie14,900 t
30%
UKDuncan15,400 t
30%
UKEmpress of India15,830 t
30%
Austria-HungaryErzherzog Ferdinand Max10,472 t
30%
Austria-HungaryErzherzog Franz Ferdinand14,508 t
30%
Austria-HungaryErzherzog Friedrich10,472 t
30%
Austria-HungaryErzherzog Karl10,472 t
30%
UKGlory14,500 t
30%
GermanyHessen14,394 t
30%
UKHood15,830 t
30%
USAIdaho13,000 t
30%
UKImplacable16,186 t
30%
USAIndiana10,453 t
30%
FranceJaureguiberry11,818 t
30%
FranceJustice14,900 t
30%
GermanyKaiser Barbarossa11,785 t
30%
GermanyKaiser Wilhelm der Grosse11,785 t
30%
USAKansas16,000 t
30%
USAKearsarge11,730 t
30%
UKKing Edward VII17,567 t
30%
FranceLiberte14,900 t
30%
FranceMassena11,920 t
30%
GermanyMecklenburg12,798 t
30%
FranceMirabeau18,754 t
30%
USAMississippi13,000 t
30%
USANebraska15,000 t
30%
USANew Hampshire16,000 t
30%
USANew Jersey15,000 t
30%
UKOcean14,500 t
30%
FrancePatrie14,900 t
30%
RussiaPoltava11,685 t
30%
RussiaPotemkin13,107 t
30%
UKQueen16,000 t
30%
Austria-HungaryRadetzky14,508 t
30%
UKRamillies15,830 t
30%
ItalyRegina Elena14,137 t
30%
ItalyRegina Margherita14,319 t
30%
UKRenown13,071 t
30%
FranceRepublique14,605 t
30%
UKRepulse15,830 t
30%
UKResolution15,830 t
30%
UKRevenge15,830 t
30%
USARhode Island15,000 t
30%
ItalyRoma14,137 t
30%
UKRoyal Oak15,830 t
30%
UKRoyal Sovereign15,830 t
30%
UKRussell15,400 t
30%
JapanSatsuma19,683 t
30%
GermanySchwaben12,798 t
30%
RussiaSlava14,377 t
30%
FranceSuffren12,892 t
30%
UKVenerable16,000 t
30%
FranceVergniaud18,754 t
30%
FranceVerite14,900 t
30%
ItalyVittorio Emanuele14,137 t
30%
GermanyWorth10,670 t
30%
JapanAki20,400 t
20%
USAAlabama12,450 t
20%
JapanAsahi15,400 t
20%
UKBarfleur10,670 t
20%
UKCaeser16,060 t
20%
GermanyElsass14,394 t
20%
ItalyEmanuele Filiberto10,100 t
20%
JapanHatsuse15,090 t
20%
RussiaImperator Pavel I18,878 t
20%
RussiaIoann Zlatoust12,840 t
20%
UKIrresistible16,186 t
20%
GermanyKaiser Friedrich III11,785 t
20%
GermanyKaiser Karl der Grosse11,785 t
20%
JapanKashima16,646 t
20%
JapanKatori16,210 t
20%
RussiaKnyaz Suvorov14,377 t
20%
GermanyKurfurst Friedrich Wilhelm10,670 t
20%
GermanyLothringen14,394 t
20%
USAMassachusetts10,453 t
20%
USAMissouri12,700 t
20%
UKMontagu15,400 t
20%
ItalyNapoli14,137 t
20%
RussiaNavarin10,370 t
20%
RussiaOryol14,377 t
20%
RussiaPetropavlovsk11,685 t
20%
RussiaPobeda14,639 t
20%
UKPrince George16,060 t
20%
RussiaRetvizan12,985 t
20%
RussiaRotislav10,689 t
20%
JapanShikishima15,090 t
20%
RussiaSissoi Veliky9,748 t
20%
RussiaTri Sviatitelia13,532 t
20%
RussiaTsesarevich13,315 t
20%
GermanyWeissenburg10,670 t
20%
GermanyWettin12,798 t
20%
GermanyWittelsbach12,798 t
20%
JapanYashima12,734 t
20%
GermanyZahringen12,798 t
20%
ItalyAmmiraglio di Saint Bon10,700 t
10%
RussiaDvenadsat Apostolov8,206 t
10%
RussiaEvstafi12,840 t
10%
RussiaImperator Aleksandr III14,377 t
10%
RussiaOslyabya14,639 t
10%
RussiaPeresvet14,639 t
10%
USAWisconsin12,450 t
10%

Score Distribution

Percentile by Number Answered

Percent of People with Each Score

Your Score History

You have not taken this quiz